BIBLIOTECA

SENCICO

Técnicas de infografía : Variables creativas metodológicas en el desarrollo de la imagen digital (Registro nro. 2605)

Detalles MARC
000 -LEADER
fixed length control field 00640nam a2200205Ia 4500
005 - DATE AND TIME OF LATEST TRANSACTION
control field 20251020182547.0
008 - FIXED-LENGTH DATA ELEMENTS--GENERAL INFORMATION
fixed length control field 200515s9999 xx 000 0 und d
082 ## - DEWEY DECIMAL CLASSIFICATION NUMBER
Classification number 778.2/V72
100 ## - MAIN ENTRY--PERSONAL NAME
Personal name VIÑAS LIMONCHI, Manuel
245 #0 - TITLE STATEMENT
Title Técnicas de infografía : Variables creativas metodológicas en el desarrollo de la imagen digital
260 ## - PUBLICATION, DISTRIBUTION, ETC.
Place of publication, distribution, etc. Madrid
260 ## - PUBLICATION, DISTRIBUTION, ETC.
Date of publication, distribution, etc. 2000
300 ## - PHYSICAL DESCRIPTION
Extent 291
520 ## - SUMMARY, ETC.
Summary, etc. En este tratado se establece una correspondencia entre los modernos métodos icnograf. y el proceso plástico tradicional
650 ## - SUBJECT ADDED ENTRY--TOPICAL TERM
Topical term or geographic name entry element IMAGEN
650 ## - SUBJECT ADDED ENTRY--TOPICAL TERM
Topical term or geographic name entry element IMAGEN DIGITAL
650 ## - SUBJECT ADDED ENTRY--TOPICAL TERM
Topical term or geographic name entry element INFOGRAFIA
650 ## - SUBJECT ADDED ENTRY--TOPICAL TERM
Topical term or geographic name entry element LIB
942 ## - ADDED ENTRY ELEMENTS (KOHA)
Koha item type Libros
Existencias
Fecha de la última vez que lo usaron Pago total Signatura topográfica completa Código de barras Precio efectivo desde Tipo de documento Estado perdido Estado dañado No es para préstamo Retirado Ubicación permanente Ubicación actual Fecha de adquisición
15/05/2020   778.2/V72 Bib-Lima15052605 15/05/2020 Libros         Biblioteca Central Lima Biblioteca Central Lima 15/05/2020